000 00644nam a2200241Ia 4500
005 20230414125933.0
008 230125s9999 xx 000 0 und d
020 _a978-93-81695-73-9
041 _aeng
082 _a302.35
_bKUM
100 _aKumar S.
_9106895
245 _aOrganisational Behaviour : A Research And Theory Based Text Book
250 _a2nd Ed.
260 _c2004
_bGlobal Vision
_aNew Delhi
300 _a274p
_cPaper Back
440 _v2
500 _aOrganizational Behaviour
650 _aOrganizational Behaviour
700 _aKumar S.
_9106895
906 _b27
942 _cBK
999 _c95573
_d95573